LIBRARY & INFORMATION CENTRE, KCAET, TAVANUR

ONLINE PUBLIC ACCESS CATALOGUE (OPAC)

At home and abroad: Geography for today / (Record no. 5940)

MARC details
000 -LEADER
fixed length control field 00421cam a2200169ua 4500
041 ## - LANGUAGE CODE
Language code of text/sound track or separate title eng
082 ## - DEWEY DECIMAL CLASSIFICATION NUMBER
Classification number 910
Item number STA/AT
100 ## - MAIN ENTRY--AUTHOR NAME
Personal name Stamp, Dudley L .
245 00 - TITLE STATEMENT
Title At home and abroad: Geography for today /
250 ## - EDITION STATEMENT
Edition statement 3 /
260 ## - PUBLICATION, DISTRIBUTION, ETC. (IMPRINT)
Place of publication London :
Name of publisher Longman ,
Year of publication 1951.
300 ## - PHYSICAL DESCRIPTION
Number of Pages 244 ; .
700 1# - ADDED ENTRY--PERSONAL NAME
Personal name Suggate, L S .
942 ## - ADDED ENTRY ELEMENTS (KOHA)
Koha item type Books
Holdings
Withdrawn status Lost status Damaged status Home library Current library Date acquired Full call number Accession Number Koha item type
Withdrawn     KAUAET Sanskrit University 07/04/2012 910 3967 Books
free website counter